书目信息 |
| 题名: |
英语基础习语
|
|
| 作者: | H·C·W 著 ;侯继云 编译 | |
| 分册: | ||
| 出版信息: | 哈尔滨 黑龙江人民出版社 1986 |
|
| 页数: | 449页 | |
| 开本: | 19cm | |
| 丛书名: | ||
| 单 册: | ||
| 中图分类: | H313.3 | |
| 科图分类: | ||
| 主题词: | 英语--成语 , 英语--俗语 | |
| 电子资源: | ||
| ISBN: | ||
| 000 | 00690nam0 2200253 45 | |
| 001 | 0186006849 | |
| 005 | 20050420140526.3 | |
| 010 | @dCNY3.05 | |
| 091 | @a9093.41 | |
| 100 | @a19951031d1986 em y0chiy0121 ea | |
| 101 | 0 | @achi |
| 102 | @aCN@b230000 | |
| 105 | @ay z 000yy | |
| 200 | 10 | @a英语基础习语@Aying yu ji chu xi yu@f(美)H·C·W著@F(Mei)H·C·W Zhu@g侯继云编译 |
| 210 | @a哈尔滨@c黑龙江人民出版社@d1986 | |
| 215 | @a449页@d19cm | |
| 606 | @a英语@x成语 | |
| 606 | @a英语@x俗语 | |
| 690 | @aH313.3@v3 | |
| 701 | 0 | @aH·C·W@4著 |
| 702 | 0 | @a侯继云@AHou Ji Yun@4编译 |
| 801 | 0 | @aCN@b深圳图书馆@c20040506 |
| 801 | 2 | @aCN@bNLC@c20040506 |
| 905 | @dH313.3@e117@f1@b204716 | |
| 英语基础习语/(美)H·C·W著/侯继云编译.-哈尔滨:黑龙江人民出版社,1986 |
| 449页;19cm |
| ISBN :CNY3.05 |
| ● |
| 相关链接 |
|
|
|
|
正题名:英语基础习语
索取号:H313.3/117
 
预约/预借
| 序号 | 登录号 | 条形码 | 馆藏地/架位号 | 状态 | 备注 |
| 1 | 0204713 | 001383568 | 第四借阅区/ [索取号:H313.3/117] | 在馆 | |
| 2 | 0204714 | 001383513 | 第四借阅区/ [索取号:H313.3/117] | 在馆 | |
| 3 | 0204715 | 001383559 | 第四借阅区/ [索取号:H313.3/117] | 在馆 | |
| 4 | 0204716 | 002027121 | 第四借阅区/ [索取号:H313.3/117] | 在馆 | |
| 5 | 0204717 | 001383531 | 第二样本阅览室/ [索取号:H313.3/117] | 在馆 |